<?xml version="1.0" encoding="UTF-8"?>
<record
    xmlns:xsi="http://www.w3.org/2001/XMLSchema-instance"
    xsi:schemaLocation="http://www.loc.gov/MARC21/slim http://www.loc.gov/standards/marcxml/schema/MARC21slim.xsd"
    xmlns="http://www.loc.gov/MARC21/slim">

  <leader>02100agaaa2200337   4500</leader>
  <controlfield tag="001">4777</controlfield>
  <controlfield tag="003">IT-RoPAU</controlfield>
  <controlfield tag="005">20220918181238.0</controlfield>
  <controlfield tag="007">d cvaizq</controlfield>
  <controlfield tag="008">50131s9999||||xx ||| |     ||   ||und||</controlfield>
  <datafield tag="040" ind1=" " ind2=" ">
    <subfield code="a">IT-RoPAU</subfield>
    <subfield code="c">IT-RoPAU</subfield>
  </datafield>
  <datafield tag="041" ind1=" " ind2=" ">
    <subfield code="a">ITALIANO</subfield>
  </datafield>
  <datafield tag="100" ind1=" " ind2=" ">
    <subfield code="a">Bresson Robert</subfield>
    <subfield code="g">Codice regista SPICS: 8815</subfield>
    <subfield code="9">43954</subfield>
  </datafield>
  <datafield tag="130" ind1=" " ind2=" ">
    <subfield code="a">PICKPOCKET</subfield>
    <subfield code="9">43955</subfield>
  </datafield>
  <datafield tag="240" ind1=" " ind2=" ">
    <subfield code="a">PICKPOCKET</subfield>
    <subfield code="g">T3429</subfield>
  </datafield>
  <datafield tag="245" ind1=" " ind2=" ">
    <subfield code="a">PICKPOCKET</subfield>
    <subfield code="c">Prodotto da: Delahaie Agnes -- Sceneggiatura: Bresson Robert -- Diretto da: Bresson Robert</subfield>
    <subfield code="p">PICKPOCKET (Rif. Codice opera principale : H4777)</subfield>
  </datafield>
  <datafield tag="246" ind1=" " ind2=" ">
    <subfield code="a">PICKPOCKET</subfield>
  </datafield>
  <datafield tag="250" ind1=" " ind2=" ">
    <subfield code="a">Edizione Standard</subfield>
  </datafield>
  <datafield tag="260" ind1=" " ind2=" ">
    <subfield code="a">(FRANCE)</subfield>
    <subfield code="b">CCF - COMPAGNIE CINEMATOGRAPHIQUE DE FRANCE / Distribuzione: MULTIMEDIA SAN PAOLO</subfield>
    <subfield code="g">"1959 (1&#xB0; ed.: 2003 ; Ed. Lingua Orig.: 1959)"</subfield>
  </datafield>
  <datafield tag="300" ind1=" " ind2=" ">
    <subfield code="a">DVD</subfield>
    <subfield code="b">sonoro, col.</subfield>
    <subfield code="c">75 minuti</subfield>
  </datafield>
  <datafield tag="508" ind1=" " ind2=" ">
    <subfield code="a">"Fotografia: Burel Leonce-Henri; Montaggio: Lamy Raymond; Musica: Lulli Jean-Baptiste; Sceneggiatura: Bresson Robert; Scenografia: Charbonnier Pierre; "</subfield>
  </datafield>
  <datafield tag="511" ind1=" " ind2=" ">
    <subfield code="a">"Vassalle Martin; Green Marika; Pelegri Jean; Scal Dolly; Leymarie Pierre; Etaix Pierr"</subfield>
  </datafield>
  <datafield tag="520" ind1=" " ind2=" ">
    <subfield code="a">"MICHEL DIVENTA BORSAIOLO PER SFIDA VERSO LA SOCIETA' E PER SENTIRSI AL DI SOPRA DELLA LEGGE E DELLA MORALE. I SUOI RIFERIMENTI SONO L'AMICO JACQUES, DEL QUALE IGNORA I CONSIGLI, L'ISPETTORE DI POLIZIA CON IL QUALE GIOCA UNA PARTITA RISCHIOSA, LA MADRE MALATA, CHE NON HA IL CORAGGIO DI INCONTRARE, EJEANNE, UNA GIOVANE DONNA CHE ABITA NELLA CASA DELLA MADRE E CHE LO AFFRONTA CON DOMANDE DECISIVE.IN QUESTO DVD MENU' INTERAATTIVO CON SOTTOTITOLI E CAPITOLI DI SCENA. EXTRA: BIOGRAFIA E FILMOGRAFIA ESSENZIALE DEL REGISTA E DEGLI ATTORI PRINCIPALI; SCHEDA CRITICA DI PINO FARINOTTI; TRAILER."</subfield>
  </datafield>
  <datafield tag="538" ind1=" " ind2=" ">
    <subfield code="a">PAL, STEREO</subfield>
  </datafield>
  <datafield tag="546" ind1=" " ind2=" ">
    <subfield code="a">ITALIANO</subfield>
  </datafield>
  <datafield tag="650" ind1=" " ind2=" ">
    <subfield code="a">DRAMMATICO</subfield>
    <subfield code="e">DVD-FILM [DVD]</subfield>
    <subfield code="x">Codice MATERIA SPICS: 9947</subfield>
    <subfield code="9">43956</subfield>
  </datafield>
  <datafield tag="700" ind1=" " ind2=" ">
    <subfield code="a">Bresson Robert </subfield>
    <subfield code="e">(regista)</subfield>
    <subfield code="g">Codice regista SPICS: 8815</subfield>
    <subfield code="9">43957</subfield>
  </datafield>
  <datafield tag="700" ind1=" " ind2=" ">
    <subfield code="a">Bresson Robert </subfield>
    <subfield code="e">(soggetto)</subfield>
    <subfield code="g">Codice Soggetto SPICS: 8815</subfield>
    <subfield code="9">43958</subfield>
  </datafield>
  <datafield tag="700" ind1=" " ind2=" ">
    <subfield code="a">Lulli Jean-Baptiste</subfield>
    <subfield code="e">(musica)</subfield>
    <subfield code="g">Codice Musica SPICS: 10679</subfield>
    <subfield code="9">43959</subfield>
  </datafield>
  <datafield tag="942" ind1=" " ind2=" ">
    <subfield code="c">DV</subfield>
    <subfield code="2">ddc</subfield>
  </datafield>
  <datafield tag="999" ind1=" " ind2=" ">
    <subfield code="c">105895</subfield>
    <subfield code="d">105895</subfield>
  </datafield>
  <datafield tag="952" ind1=" " ind2=" ">
    <subfield code="0">0</subfield>
    <subfield code="1">0</subfield>
    <subfield code="4">0</subfield>
    <subfield code="6">H_4777_000000000000000</subfield>
    <subfield code="7">1</subfield>
    <subfield code="a">SPICS</subfield>
    <subfield code="b">SPICS</subfield>
    <subfield code="d">2015-01-31</subfield>
    <subfield code="l">0</subfield>
    <subfield code="o">H4777</subfield>
    <subfield code="r">2015-01-31 00:00:00</subfield>
    <subfield code="w">2015-01-31</subfield>
    <subfield code="y">DV</subfield>
    <subfield code="z">Progr. Ins.: 3140 / N.Vol.:1 / Copie: 1 / Pag.:0 / Copia rara: n.d. / date import: 1.2.2015 / By Epidotti, Trombetti, Vaglietti</subfield>
  </datafield>
</record>
